000 00556nam a2200229Ia 4500
003 OSt
005 20221005120502.0
006 a|||||r|||| 00| 0
007 ta
008 221004b |||||||| |||| 00| 0 mal d
024 _a59842
037 _cTextual
040 _aCRL
_cCRL
_bmal
041 _2mal
_amal
082 _aV73wNF1, 32J8
100 _aBrick Au.
_9629215
245 0 _aEitettrividha jeevitam
260 _c1953
650 _aHISTORY
942 _hV73wNF1, 32J8
_cTEXL
_2cc
999 _c1038214
_d1038214